000 01396nam a2200277 a 4500
001
003 DO-SdBNP
005 20210607123935.0
008 081127s1999 dr 001 0 spa d
020 _a8460582213
040 _aBPMSU
_bspa
_cBPMSU
082 _a160
_bS225c 1999
_222
100 1 _aSang, Mu-Kien A.
_d1955-
245 1 0 _aCiencia y conciencia :
_bintroducción a la "lógica y vida" para el trabajo intelectual /
_cMiguel Sang Ben.
260 _aSanto Domingo :
_bBanco Central de la República Dominicana,
_c1999.
300 _a185 p. ;
_c27 cm.
500 _aIncluye referencias bibliográficas y notas al pie de las páginas
504 _aBibliografía : p. 183-185
505 0 _aPrólogo por Lic. Pedro Eduardo, M.Ed. --
_tPresentación --
_tIntroducción --
_t¿Para qué estudiar lógica y vida? --
_tLa conciencia humana --
_tEl lenguaje humano --
_tLógica y conocimiento --
_tLógica y ejercicio profesional --
_tLa vida, una y única --
_tEl sentido de la vida --
_tSumario de preguntas para autoevaluación --
_tLa preparación de los trabajos de investigación o monografías --
_tLa preparación de una tesis de grado --
_tLa presentación oral de los trabajos de investigación y tesis de grado--
_tBibliografía.
590 _aInventariado, 2021/VM
650 4 _aLógica
650 4 _aMetodología científica
650 4 _aVida intelectual
910 _aVMateo
942 _2ddc
_cBK
999 _c13559
_d13559